[Event "MP do lat 18 - dziewczeta"]
[Site "Sypniewo"]
[Date "2022.03.25"]
[Round "7.12"]
[White "Kieca, Aleksandra"]
[Black "Kulpa, Karolina"]
[Result "0-1"]
[BlackElo "1406"]
[WhiteElo "1696"]
[LiveChessVersion "1.4.8"]

1. e4 {[%clk 1:30:57]} e5 {[%clk 1:30:52]} 2. Nf3 {[%clk 1:31:20]} Nc6
{[%clk 1:31:16]} 3. Bb5 {[%clk 1:31:39]} f5 {[%clk 1:31:38]} 4. d3
{[%clk 1:31:16]} fxe4 {[%clk 1:31:01]} 5. dxe4 {[%clk 1:31:38]} Nf6
{[%clk 1:31:18]} 6. O-O {[%clk 1:21:00]} Bc5 {[%clk 1:27:35]} 7. Bg5
{[%clk 1:16:52]} d6 {[%clk 1:25:44]} 8. c3 {[%clk 1:07:48]} O-O {[%clk 1:13:20]}
9. Nbd2 {[%clk 0:58:20]} Bg4 {[%clk 1:09:04]} 10. Re1 {[%clk 0:54:56]} h6
{[%clk 1:04:17]} 11. Be3 {[%clk 0:49:52]} Bb6 {[%clk 0:58:17]} 12. Qb3+
{[%clk 0:31:58]} Kh8 {[%clk 0:58:09]} 13. Bxb6 {[%clk 0:32:09]} axb6
{[%clk 0:58:22]} 14. Be2 {[%clk 0:31:51]} Nh5 {[%clk 0:47:34]} 15. h3
{[%clk 0:31:17]} Bxf3 {[%clk 0:47:49]} 16. Bxf3 {[%clk 0:28:50]} Nf4
{[%clk 0:44:36]} 17. Kh2 {[%clk 0:25:25]} Qg5 {[%clk 0:41:41]} 18. g3
{[%clk 0:12:03]} Nxh3 {[%clk 0:35:05]} 19. Re2 {[%clk 0:12:25]} Nf4
{[%clk 0:18:28]} 20. gxf4 {[%clk 0:12:01]} Rxf4 {[%clk 0:18:46]} 21. Bg2
{[%clk 0:12:11]} Qh5+ {[%clk 0:18:25]} 22. Kg1 {[%clk 0:11:47]} Qxe2
{[%clk 0:18:32]} 23. Nf3 {[%clk 0:08:09]} Rxf3 {[%clk 0:17:56]} 24. Bxf3
{[%clk 0:08:02]} Qxf3 {[%clk 0:18:19]} 0-1

[Event "MP do lat 18 - dziewczeta"]
[Site "Sypniewo"]
[Date "2022.03.25"]
[Round "7.13"]
[White "Zniszczol, Wiktoria"]
[Black "Wawrzyniak, Weronika"]
[Result "1/2-1/2"]
[BlackElo "1493"]
[WhiteElo "1613"]
[LiveChessVersion "1.4.8"]

1. d4 {[%clk 1:28:53]} d5 {[%clk 1:30:33]} 2. c3 {[%clk 1:29:08]} e6
{[%clk 1:28:04]} 3. e3 {[%clk 1:29:25]} Nf6 {[%clk 1:27:26]} 4. Bd3
{[%clk 1:29:23]} c5 {[%clk 1:26:26]} 5. f4 {[%clk 1:28:36]} Nc6 {[%clk 1:23:44]}
6. Nf3 {[%clk 1:26:11]} a6 {[%clk 1:21:21]} 7. Nbd2 {[%clk 1:24:17]} b5
{[%clk 1:17:48]} 8. O-O {[%clk 1:22:59]} Be7 {[%clk 1:15:41]} 9. Ne5
{[%clk 1:22:56]} Qc7 {[%clk 1:13:23]} 10. Ndf3 {[%clk 1:13:37]} Nxe5
{[%clk 1:05:51]} 11. Nxe5 {[%clk 1:11:13]} g6 {[%clk 1:04:01]} 12. Qe2
{[%clk 1:03:53]} Ne4 {[%clk 0:58:14]} 13. Bd2 {[%clk 1:02:55]} O-O
{[%clk 0:51:36]} 14. Be1 {[%clk 0:51:53]} f6 {[%clk 0:47:21]} 15. Nf3
{[%clk 0:50:35]} c4 {[%clk 0:45:29]} 16. Bc2 {[%clk 0:49:23]} a5 {[%clk 0:43:13]}
17. Bxe4 {[%clk 0:31:21]} dxe4 {[%clk 0:43:32]} 18. Nd2 {[%clk 0:31:41]} Bb7
{[%clk 0:43:42]} 19. a4 {[%clk 0:31:44]} Bd5 {[%clk 0:34:13]} 20. axb5
{[%clk 0:30:58]} a4 {[%clk 0:33:57]} 21. Bg3 {[%clk 0:22:29]} f5 {[%clk 0:31:03]}
22. Nb1 {[%clk 0:19:35]} Qa5 {[%clk 0:23:33]} 23. Na3 {[%clk 0:18:13]} Bxa3
{[%clk 0:22:44]} 24. Rxa3 {[%clk 0:16:31]} Qxb5 {[%clk 0:22:25]} 25. Rb1
{[%clk 0:13:45]} Rfb8 {[%clk 0:21:12]} 26. Bh4 {[%clk 0:14:04]} Kf7
{[%clk 0:19:49]} 27. Bg5 {[%clk 0:14:02]} Qd7 {[%clk 0:16:37]} 28. Qf2
{[%clk 0:13:10]} Rb7 {[%clk 0:13:51]} 29. Qh4 {[%clk 0:12:24]} Kg8
{[%clk 0:13:55]} 30. Bf6 {[%clk 0:11:12]} Qf7 {[%clk 0:13:26]} 31. Be5
{[%clk 0:09:37]} Rb6 {[%clk 0:13:33]} 32. Rxa4 {[%clk 0:08:15]} Rxa4
{[%clk 0:12:30]} 33. Qd8+ {[%clk 0:08:36]} Qf8 {[%clk 0:12:44]} 34. Qxb6
{[%clk 0:08:39]} Qa8 {[%clk 0:08:11]} 35. Kf2 {[%clk 0:06:54]} Ra6
{[%clk 0:07:59]} 36. Qc7 {[%clk 0:06:05]} Ra7 {[%clk 0:08:16]} 37. Qb8+
{[%clk 0:05:15]} Qxb8 {[%clk 0:08:30]} 38. Bxb8 {[%clk 0:05:39]} Ra2
{[%clk 0:08:05]} 39. Bd6 {[%clk 0:05:58]} Bc6 {[%clk 0:08:03]} 40. Ba3
{[%clk 0:35:42]} Ba4 {[%clk 0:38:24]} 41. g4 {[%clk 0:32:22]} fxg4
{[%clk 0:31:49]} 42. Kg3 {[%clk 0:31:05]} h5 {[%clk 0:30:48]} 43. h3
{[%clk 0:29:27]} gxh3 {[%clk 0:31:14]} 44. Kxh3 {[%clk 0:29:50]} Kf7
{[%clk 0:31:12]} 45. Kh4 {[%clk 0:30:03]} Kf6 {[%clk 0:30:51]} 46. Rg1
{[%clk 0:29:19]} Bc6 {[%clk 0:27:57]} 47. Rd1 {[%clk 0:22:23]} Ba4
{[%clk 0:26:35]} 48. Rg1 {[%clk 0:13:28]} Bc6 {[%clk 0:26:51]} 49. Kg3
{[%clk 0:10:44]} Ba4 {[%clk 0:23:22]} 50. Kh4 {[%clk 0:04:44]} Bc6
{[%clk 0:23:20]} 51. Rg5 {[%clk 0:02:43]} Ra1 {[%clk 0:19:42]} 52. Rc5
{[%clk 0:03:07]} Bd5 {[%clk 0:20:05]} 53. Rc7 {[%clk 0:03:23]} Rh1+
{[%clk 0:20:07]} 54. Kg3 {[%clk 0:03:45]} Rg1+ {[%clk 0:19:55]} 55. Kf2
{[%clk 0:03:28]} Rb1 {[%clk 0:19:55]} 56. Bd6 {[%clk 0:03:21]} Kf5
{[%clk 0:18:40]} 57. Ba3 {[%clk 0:03:02]} Kf6 {[%clk 0:17:40]} 58. Bd6
{[%clk 0:02:50]} 1/2-1/2

[Event "MP do lat 18 - dziewczeta"]
[Site "Sypniewo"]
[Date "2022.03.25"]
[Round "7.14"]
[White "Krzyzosiak, Anna"]
[Black "Libura, Julianna"]
[Result "1/2-1/2"]
[BlackElo "1590"]
[WhiteElo "1489"]
[LiveChessVersion "1.4.8"]

1. e4 {[%clk 1:30:57]} c5 {[%clk 1:30:55]} 2. Nf3 {[%clk 1:31:22]} g6
{[%clk 1:31:19]} 3. d4 {[%clk 1:31:05]} cxd4 {[%clk 1:31:39]} 4. Nxd4
{[%clk 1:31:23]} Bg7 {[%clk 1:32:00]} 5. c4 {[%clk 1:30:31]} Nc6 {[%clk 1:31:31]}
6. Be3 {[%clk 1:29:49]} Nf6 {[%clk 1:31:07]} 7. Nc3 {[%clk 1:28:22]} d6
{[%clk 1:31:19]} 8. Be2 {[%clk 1:26:03]} O-O {[%clk 1:28:11]} 9. O-O
{[%clk 1:22:10]} Nxd4 {[%clk 1:25:57]} 10. Bxd4 {[%clk 1:20:19]} Be6
{[%clk 1:25:59]} 11. f3 {[%clk 1:07:24]} Nd7 {[%clk 1:13:52]} 12. Bxg7
{[%clk 1:01:55]} Kxg7 {[%clk 1:14:15]} 13. Qd4+ {[%clk 1:01:32]} Kg8
{[%clk 1:14:37]} 14. Nd5 {[%clk 0:51:56]} Bxd5 {[%clk 1:12:09]} 15. cxd5
{[%clk 0:51:04]} Qb6 {[%clk 1:06:40]} 16. Qxb6 {[%clk 0:48:17]} Nxb6
{[%clk 1:06:50]} 17. Rac1 {[%clk 0:44:40]} Rac8 {[%clk 1:06:38]} 18. b3
{[%clk 0:37:12]} Rxc1 {[%clk 0:45:40]} 19. Rxc1 {[%clk 0:37:28]} Rc8
{[%clk 0:46:02]} 20. Rxc8+ {[%clk 0:36:32]} Nxc8 {[%clk 0:46:27]} 21. Kf2
{[%clk 0:35:25]} e5 {[%clk 0:42:30]} 22. dxe6 {[%clk 0:27:35]} fxe6
{[%clk 0:42:53]} 23. f4 {[%clk 0:26:02]} Ne7 {[%clk 0:42:04]} 24. Bc4
{[%clk 0:23:05]} Kf7 {[%clk 0:42:23]} 25. g4 {[%clk 0:18:50]} d5 {[%clk 0:38:37]}
26. exd5 {[%clk 0:18:14]} exd5 {[%clk 0:37:35]} 27. Bd3 {[%clk 0:17:47]} Kf6
{[%clk 0:36:15]} 28. Ke3 {[%clk 0:16:17]} Nc6 {[%clk 0:35:38]} 29. h3
{[%clk 0:12:11]} a6 {[%clk 0:27:01]} 30. Bb1 {[%clk 0:06:35]} b6 {[%clk 0:21:01]}
1/2-1/2

[Event "MP do lat 18 - dziewczeta"]
[Site "Sypniewo"]
[Date "2022.03.25"]
[Round "7.15"]
[White "Matyjasek, Michalina"]
[Black "Bienko, Jagoda"]
[Result "0-1"]
[BlackElo "1551"]
[WhiteElo "1435"]
[LiveChessVersion "1.4.8"]

1. d4 {[%clk 1:30:59]} d5 {[%clk 1:30:54]} 2. c4 {[%clk 1:31:25]} dxc4
{[%clk 1:31:19]} 3. Nf3 {[%clk 1:31:45]} e6 {[%clk 1:31:38]} 4. e3
{[%clk 1:32:08]} Nf6 {[%clk 1:31:48]} 5. Bxc4 {[%clk 1:32:33]} c5
{[%clk 1:32:10]} 6. O-O {[%clk 1:32:56]} a6 {[%clk 1:32:32]} 7. dxc5
{[%clk 1:32:51]} Qxd1 {[%clk 1:32:10]} 8. Rxd1 {[%clk 1:33:12]} Bxc5
{[%clk 1:32:31]} 9. Be2 {[%clk 1:32:55]} b5 {[%clk 1:25:28]} 10. Nbd2
{[%clk 1:30:34]} Nc6 {[%clk 1:14:17]} 11. Nb3 {[%clk 1:25:54]} Be7
{[%clk 1:14:18]} 12. Bd2 {[%clk 1:13:32]} Ne4 {[%clk 1:07:09]} 13. Be1
{[%clk 1:06:55]} Bb7 {[%clk 1:01:31]} 14. Rac1 {[%clk 1:05:19]} Bf6
{[%clk 0:56:27]} 15. Rc2 {[%clk 0:58:56]} O-O {[%clk 0:48:36]} 16. Nfd2
{[%clk 0:55:39]} Ne5 {[%clk 0:29:43]} 17. Na5 {[%clk 0:33:37]} Bd5
{[%clk 0:28:08]} 18. b3 {[%clk 0:29:39]} Rfc8 {[%clk 0:14:44]} 19. Rdc1
{[%clk 0:27:50]} Rxc2 {[%clk 0:12:49]} 20. Rxc2 {[%clk 0:28:19]} Rd8
{[%clk 0:10:32]} 21. Nf1 {[%clk 0:25:06]} Ba8 {[%clk 0:06:51]} 22. f3
{[%clk 0:24:07]} Nd6 {[%clk 0:05:48]} 23. e4 {[%clk 0:21:50]} Ng6
{[%clk 0:05:26]} 24. g3 {[%clk 0:16:49]} Bd4+ {[%clk 0:05:45]} 25. Bf2
{[%clk 0:16:05]} Bxf2+ {[%clk 0:05:40]} 26. Kxf2 {[%clk 0:16:33]} Ne5
{[%clk 0:06:03]} 27. Rc7 {[%clk 0:13:28]} f5 {[%clk 0:05:14]} 28. exf5
{[%clk 0:12:05]} Nxf5 {[%clk 0:03:10]} 29. Ra7 {[%clk 0:11:40]} Nd4
{[%clk 0:03:21]} 30. f4 {[%clk 0:11:26]} Nxe2 {[%clk 0:03:08]} 31. Kxe2
{[%clk 0:11:49]} Nd3 {[%clk 0:02:26]} 32. Rxa6 {[%clk 0:09:30]} Nc1+
{[%clk 0:02:35]} 33. Kf2 {[%clk 0:09:56]} Nxa2 {[%clk 0:02:49]} 34. Rxe6
{[%clk 0:10:11]} Bd5 {[%clk 0:02:47]} 35. Rb6 {[%clk 0:08:57]} Nc3
{[%clk 0:02:26]} 36. Nc6 {[%clk 0:08:47]} Re8 {[%clk 0:02:08]} 37. Nd4
{[%clk 0:08:28]} Re4 {[%clk 0:01:36]} 38. Rb8+ {[%clk 0:06:40]} Kf7
{[%clk 0:01:57]} 39. Nxb5 {[%clk 0:03:27]} Re2+ {[%clk 0:02:14]} 40. Kg1
{[%clk 0:33:48]} Rg2+ {[%clk 0:32:32]} 41. Kh1 {[%clk 0:34:08]} Rxg3#
{[%clk 0:32:56]} 0-1

[Event "MP do lat 18 - dziewczeta"]
[Site "Sypniewo"]
[Date "2022.03.25"]
[Round "7.16"]
[White "Reszka, Zofia"]
[Black "Kaznowska, Weronika"]
[Result "1-0"]
[BlackElo "1604"]
[WhiteElo "1328"]
[LiveChessVersion "1.4.8"]

1. e4 {[%clk 1:30:56]} d5 {[%clk 1:30:38]} 2. exd5 {[%clk 1:31:14]} Qxd5
{[%clk 1:31:03]} 3. Nc3 {[%clk 1:31:26]} Qe5+ {[%clk 1:31:12]} 4. Nge2
{[%clk 1:29:27]} Qa5 {[%clk 1:28:36]} 5. d4 {[%clk 1:27:30]} Nc6 {[%clk 1:27:35]}
6. d5 {[%clk 1:23:20]} Nb4 {[%clk 1:26:33]} 7. a3 {[%clk 1:22:06]} Bf5
{[%clk 1:23:05]} 8. Nd4 {[%clk 1:18:20]} Nxd5 {[%clk 1:22:39]} 9. Bb5+
{[%clk 1:12:11]} Bd7 {[%clk 1:10:03]} 10. Bxd7+ {[%clk 1:08:11]} Kd8
{[%clk 1:09:14]} 11. Nc6+ {[%clk 1:03:12]} bxc6 {[%clk 1:08:09]} 12. Bxc6
{[%clk 1:03:26]} Rb8 {[%clk 1:08:10]} 13. Bxd5 {[%clk 1:01:45]} Nf6
{[%clk 1:08:32]} 14. Bxf7+ {[%clk 1:00:05]} Nd7 {[%clk 1:08:52]} 15. O-O
{[%clk 0:58:34]} Qf5 {[%clk 1:08:49]} 16. Qd5 {[%clk 0:56:01]} Qxd5
{[%clk 1:09:05]} 17. Bxd5 {[%clk 0:55:58]} e5 {[%clk 1:09:25]} 18. Rd1
{[%clk 0:52:31]} Bd6 {[%clk 1:09:28]} 19. Ne4 {[%clk 0:51:28]} h6
{[%clk 1:09:39]} 20. Nxd6 {[%clk 0:51:23]} cxd6 {[%clk 1:10:04]} 21. b3
{[%clk 0:50:11]} Ke7 {[%clk 1:10:06]} 22. f4 {[%clk 0:49:49]} Rhc8
{[%clk 1:10:04]} 23. Rd2 {[%clk 0:47:55]} Nf6 {[%clk 1:08:45]} 24. fxe5
{[%clk 0:45:12]} dxe5 {[%clk 1:08:59]} 25. Bc4 {[%clk 0:44:00]} a5
{[%clk 1:08:40]} 26. Re2 {[%clk 0:42:13]} e4 {[%clk 1:08:35]} 27. Bf4
{[%clk 0:40:33]} Rb6 {[%clk 1:08:24]} 28. Be5 {[%clk 0:39:57]} a4
{[%clk 1:07:58]} 29. Bxf6+ {[%clk 0:40:01]} gxf6 {[%clk 1:08:25]} 30. Rxe4+
{[%clk 0:40:19]} Kf8 {[%clk 1:08:53]} 31. Rae1 {[%clk 0:40:10]} axb3
{[%clk 1:09:00]} 32. cxb3 {[%clk 0:40:32]} f5 {[%clk 1:09:00]} 33. Re6
{[%clk 0:40:50]} Rbb8 {[%clk 1:09:03]} 34. Rxh6 {[%clk 0:41:07]} Kg7
{[%clk 1:09:28]} 35. Rd6 {[%clk 0:41:04]} Rc7 {[%clk 1:09:52]} 36. Ree6
{[%clk 0:41:11]} Ra8 {[%clk 1:10:01]} 37. Rg6+ {[%clk 0:41:19]} Kh7
{[%clk 1:10:26]} 38. Rh6+ {[%clk 0:41:43]} Kg7 {[%clk 1:10:52]} 39. Rdg6+
{[%clk 0:42:08]} Kf8 {[%clk 1:11:15]} 40. Rg8+ {[%clk 1:12:17]} Ke7
{[%clk 1:41:41]} 41. Rxa8 {[%clk 1:12:40]} Rd7 {[%clk 1:42:02]} 42. Rh7+
{[%clk 1:13:03]} Kd6 {[%clk 1:42:29]} 43. Rxd7+ {[%clk 1:13:25]} Kc5
{[%clk 1:42:43]} 44. Rc8+ {[%clk 1:13:42]} Kb6 {[%clk 1:43:11]} 45. Bd5
{[%clk 1:13:51]} Ka6 {[%clk 1:43:38]} 46. Rb7 {[%clk 1:14:08]} Ka5
{[%clk 1:44:07]} 47. Ra8# {[%clk 1:14:30]} 1-0

[Event "MP do lat 18 - dziewczeta"]
[Site "Sypniewo"]
[Date "2022.03.25"]
[Round "7.17"]
[White "Czerwinska, Oliwia"]
[Black "Bychowska, Marta"]
[Result "1-0"]
[BlackElo "1374"]
[WhiteElo "1428"]
[LiveChessVersion "1.4.8"]

1. e4 {[%clk 1:30:57]} e5 {[%clk 1:30:55]} 2. Nf3 {[%clk 1:31:22]} Nf6
{[%clk 1:31:20]} 3. Nc3 {[%clk 1:31:45]} Nc6 {[%clk 1:31:45]} 4. g3
{[%clk 1:31:56]} Bb4 {[%clk 1:31:10]} 5. d3 {[%clk 1:31:21]} O-O {[%clk 1:31:24]}
6. a3 {[%clk 1:31:09]} Ba5 {[%clk 1:31:06]} 7. b4 {[%clk 1:30:29]} Bb6
{[%clk 1:31:23]} 8. Na4 {[%clk 1:30:07]} d6 {[%clk 1:29:44]} 9. Bg2
{[%clk 1:30:20]} h6 {[%clk 1:28:28]} 10. O-O {[%clk 1:30:19]} Be6
{[%clk 1:28:25]} 11. h3 {[%clk 1:28:35]} Qd7 {[%clk 1:27:58]} 12. Kh2
{[%clk 1:28:09]} Nh7 {[%clk 1:23:07]} 13. Nxb6 {[%clk 1:26:30]} axb6
{[%clk 1:23:24]} 14. Nh4 {[%clk 1:25:52]} Nxb4 {[%clk 1:16:19]} 15. Bxh6
{[%clk 1:20:15]} Nc6 {[%clk 1:12:13]} 16. Be3 {[%clk 1:19:24]} g5
{[%clk 1:05:01]} 17. Nf3 {[%clk 1:13:14]} f6 {[%clk 1:02:00]} 18. Nd2
{[%clk 1:12:09]} Rf7 {[%clk 1:00:16]} 19. f4 {[%clk 1:07:01]} gxf4
{[%clk 0:57:11]} 20. gxf4 {[%clk 1:07:18]} Rg7 {[%clk 0:55:48]} 21. f5
{[%clk 1:07:08]} Bf7 {[%clk 0:56:09]} 22. Bh6 {[%clk 1:07:25]} Rxg2+
{[%clk 0:53:47]} 23. Kxg2 {[%clk 1:07:13]} Kh8 {[%clk 0:53:28]} 24. Kh2
{[%clk 1:07:13]} Rg8 {[%clk 0:53:12]} 25. Rg1 {[%clk 1:07:02]} d5
{[%clk 0:52:53]} 26. Rxg8+ {[%clk 1:06:24]} Bxg8 {[%clk 0:53:14]} 27. Qg4
{[%clk 1:06:31]} dxe4 {[%clk 0:52:56]} 28. Nxe4 {[%clk 1:06:30]} Nd4
{[%clk 0:53:02]} 29. Rg1 {[%clk 1:06:39]} Nxf5 {[%clk 0:52:40]} 30. Qxg8#
{[%clk 1:06:50]} 1-0

[Event "MP do lat 18 - dziewczeta"]
[Site "Sypniewo"]
[Date "2022.03.25"]
[Round "7.18"]
[White "Szewczyk, Malwina"]
[Black "Mytnik, Kinga"]
[Result "0-1"]
[BlackElo "1438"]
[WhiteElo "1433"]
[LiveChessVersion "1.4.8"]

1. d4 {[%clk 1:30:58]} g6 {[%clk 1:30:52]} 2. c4 {[%clk 1:31:13]} Bg7
{[%clk 1:30:56]} 3. Nc3 {[%clk 1:31:35]} c5 {[%clk 1:31:00]} 4. d5
{[%clk 1:29:59]} Bxc3+ {[%clk 1:30:25]} 5. bxc3 {[%clk 1:30:17]} f5
{[%clk 1:29:47]} 6. Bf4 {[%clk 1:23:36]} d6 {[%clk 1:29:14]} 7. h4
{[%clk 1:20:30]} Qa5 {[%clk 1:26:41]} 8. Qc2 {[%clk 1:20:12]} Nf6
{[%clk 1:26:06]} 9. f3 {[%clk 1:18:25]} Nbd7 {[%clk 1:23:12]} 10. Rb1
{[%clk 1:11:15]} a6 {[%clk 1:22:01]} 11. e4 {[%clk 1:11:02]} Nh5 {[%clk 1:15:53]}
12. Bh2 {[%clk 1:08:41]} fxe4 {[%clk 1:06:32]} 13. fxe4 {[%clk 1:08:47]} Nhf6
{[%clk 1:01:06]} 14. Be2 {[%clk 1:07:35]} b5 {[%clk 0:49:00]} 15. cxb5
{[%clk 1:00:32]} axb5 {[%clk 0:49:06]} 16. Bxb5 {[%clk 1:00:27]} Qxa2
{[%clk 0:48:18]} 17. Qxa2 {[%clk 1:00:36]} Rxa2 {[%clk 0:48:44]} 18. e5
{[%clk 0:59:25]} dxe5 {[%clk 0:48:58]} 19. Bxe5 {[%clk 0:59:47]} O-O
{[%clk 0:46:33]} 20. Bxf6 {[%clk 0:59:03]} Nxf6 {[%clk 0:45:59]} 21. Bc4
{[%clk 0:59:16]} Rxg2 {[%clk 0:40:15]} 22. d6+ {[%clk 0:59:09]} e6
{[%clk 0:33:46]} 23. Rb8 {[%clk 0:57:39]} Rg4 {[%clk 0:27:17]} 24. Rxc8
{[%clk 0:57:00]} Re4+ {[%clk 0:27:39]} 25. Kd2 {[%clk 0:56:40]} Rxc8
{[%clk 0:27:58]} 26. Bd3 {[%clk 0:56:41]} Ra4 {[%clk 0:27:34]} 27. Nf3
{[%clk 0:56:50]} Rd8 {[%clk 0:27:02]} 28. Rb1 {[%clk 0:56:36]} c4
{[%clk 0:26:14]} 29. Be2 {[%clk 0:55:50]} Ne4+ {[%clk 0:23:29]} 30. Ke1
{[%clk 0:55:27]} Nxd6 {[%clk 0:15:04]} 31. Ng5 {[%clk 0:52:58]} e5
{[%clk 0:08:59]} 32. Rb6 {[%clk 0:52:26]} Ra1+ {[%clk 0:04:52]} 33. Kf2
{[%clk 0:52:43]} Rf8+ {[%clk 0:03:44]} 34. Kg2 {[%clk 0:53:08]} Ra2
{[%clk 0:03:20]} 35. Rxd6 {[%clk 0:53:29]} Rxe2+ {[%clk 0:03:46]} 36. Kg1
{[%clk 0:53:30]} Re1+ {[%clk 0:03:34]} 37. Kg2 {[%clk 0:53:55]} e4
{[%clk 0:03:34]} 38. Rd7 {[%clk 0:53:53]} e3 {[%clk 0:03:10]} 39. Nxh7
{[%clk 0:52:54]} Rf2+ {[%clk 0:02:36]} 40. Kg3 {[%clk 1:22:56]} Rg1+
{[%clk 0:32:17]} 41. Kh3 {[%clk 1:22:57]} e2 {[%clk 0:30:29]} 42. h5
{[%clk 1:22:27]} Rh1+ {[%clk 0:28:52]} 43. Kg4 {[%clk 1:22:26]} Rg1+
{[%clk 0:23:27]} 44. Kh3 {[%clk 1:22:38]} e1=Q {[%clk 0:23:33]} 45. h6
{[%clk 1:21:39]} Rh1+ {[%clk 0:23:53]} 46. Kg4 {[%clk 1:22:02]} Qg1#
{[%clk 0:24:21]} 0-1

[Event "MP do lat 18 - dziewczeta"]
[Site "Sypniewo"]
[Date "2022.03.25"]
[Round "7.19"]
[White "Pawlak, Emilia"]
[Black "Wojtas, Julia"]
[Result "1-0"]
[BlackElo "1560"]
[WhiteElo "1402"]
[LiveChessVersion "1.4.8"]

1. c4 {[%clk 1:30:57]} Nf6 {[%clk 1:30:44]} 2. g3 {[%clk 1:31:07]} g6
{[%clk 1:30:58]} 3. Nc3 {[%clk 1:31:30]} Bg7 {[%clk 1:31:14]} 4. Bg2
{[%clk 1:31:54]} O-O {[%clk 1:31:26]} 5. e4 {[%clk 1:31:58]} d6 {[%clk 1:31:32]}
6. Nge2 {[%clk 1:32:11]} e5 {[%clk 1:30:33]} 7. O-O {[%clk 1:32:29]} c6
{[%clk 1:30:24]} 8. d3 {[%clk 1:31:37]} Nbd7 {[%clk 1:27:53]} 9. h3
{[%clk 1:31:21]} Ne8 {[%clk 1:27:52]} 10. Be3 {[%clk 1:30:01]} h6
{[%clk 1:24:45]} 11. Kh2 {[%clk 1:27:40]} Kh7 {[%clk 1:24:33]} 12. Qd2
{[%clk 1:27:18]} f5 {[%clk 1:23:58]} 13. exf5 {[%clk 1:24:02]} Rxf5
{[%clk 1:20:49]} 14. d4 {[%clk 1:18:24]} Rf8 {[%clk 1:18:19]} 15. f4
{[%clk 1:15:17]} exd4 {[%clk 1:14:44]} 16. Nxd4 {[%clk 1:10:09]} Nb6
{[%clk 1:10:39]} 17. b3 {[%clk 1:05:11]} Nc7 {[%clk 1:07:48]} 18. Rad1
{[%clk 0:59:43]} Ne6 {[%clk 0:59:03]} 19. f5 {[%clk 0:53:41]} gxf5
{[%clk 0:54:10]} 20. Nxf5 {[%clk 0:52:44]} Nf4 {[%clk 0:50:32]} 21. Rxf4
{[%clk 0:42:23]} Bxf5 {[%clk 0:49:38]} 22. Rxf5 {[%clk 0:41:55]} Rxf5
{[%clk 0:49:46]} 23. Be4 {[%clk 0:42:15]} Qf6 {[%clk 0:48:01]} 24. Bd4
{[%clk 0:41:45]} Kg8 {[%clk 0:46:05]} 25. Bxf6 {[%clk 0:41:37]} Rxf6
{[%clk 0:46:30]} 26. Bc2 {[%clk 0:31:39]} Rf3 {[%clk 0:43:10]} 27. Ne4
{[%clk 0:26:48]} d5 {[%clk 0:40:08]} 28. cxd5 {[%clk 0:24:24]} cxd5
{[%clk 0:39:41]} 29. Nc5 {[%clk 0:21:09]} Raf8 {[%clk 0:37:59]} 30. Nd3
{[%clk 0:17:32]} d4 {[%clk 0:33:53]} 31. Nf4 {[%clk 0:16:04]} Be5
{[%clk 0:31:22]} 32. Qe2 {[%clk 0:14:47]} Re3 {[%clk 0:31:25]} 33. Qg4+
{[%clk 0:14:07]} Bg7 {[%clk 0:31:31]} 34. Nh5 {[%clk 0:13:25]} 1-0

[Event "MP do lat 18 - dziewczeta"]
[Site "Sypniewo"]
[Date "2022.03.26"]
[Round "8.1"]
[White "Wikar, Martyna"]
[Black "Adamczyk, Zuzanna"]
[Result "1-0"]
[BlackElo "1889"]
[WhiteElo "2160"]
[LiveChessVersion "1.4.8"]

1. e4 {[%clk 1:30:57]} c5 {[%clk 1:28:17]} 2. Nf3 {[%clk 1:31:21]} d6
{[%clk 1:28:35]} 3. d4 cxd4 {[%clk 1:28:52]} 4. Qxd4 {[%clk 1:30:41]} Nc6
{[%clk 1:29:04]} 5. Bb5 {[%clk 1:31:01]} Bd7 {[%clk 1:29:21]} 6. Bxc6
{[%clk 1:31:23]} Bxc6 {[%clk 1:29:41]} 7. c4 {[%clk 1:31:11]} Nf6
{[%clk 1:28:08]} 8. Nc3 {[%clk 1:31:23]} g6 {[%clk 1:25:34]} 9. O-O
{[%clk 1:29:51]} Bg7 {[%clk 1:24:16]} 10. Qd3 {[%clk 1:29:16]} O-O
{[%clk 1:23:32]} 11. Nd4 {[%clk 1:24:34]} Nd7 {[%clk 0:59:08]} 12. Be3
{[%clk 1:24:11]} Nc5 {[%clk 0:51:04]} 13. Qc2 {[%clk 1:24:08]} Rc8
{[%clk 0:45:18]} 14. Rad1 {[%clk 1:20:43]} b6 {[%clk 0:41:32]} 15. Nxc6
{[%clk 1:16:14]} Rxc6 {[%clk 0:41:20]} 16. f4 {[%clk 1:14:28]} Nd7
{[%clk 0:23:41]} 17. Qe2 {[%clk 1:04:52]} a6 {[%clk 0:16:31]} 18. Nd5
{[%clk 1:02:11]} a5 {[%clk 0:12:29]} 19. Rf3 {[%clk 0:56:51]} e6 {[%clk 0:06:17]}
20. Nc3 {[%clk 0:57:06]} Qb8 {[%clk 0:05:46]} 21. Nb5 {[%clk 0:49:41]} Nc5
{[%clk 0:04:36]} 22. Bd4 {[%clk 0:47:59]} f6 {[%clk 0:03:00]} 23. Rg3
{[%clk 0:41:44]} Na6 {[%clk 0:01:56]} 24. f5 {[%clk 0:37:50]} exf5
{[%clk 0:01:48]} 25. exf5 {[%clk 0:38:17]} Re8 {[%clk 0:02:06]} 26. Qf3
{[%clk 0:37:08]} Qa8 {[%clk 0:01:08]} 27. Qd5+ {[%clk 0:34:31]} Kf8
{[%clk 0:00:40]} 28. fxg6 {[%clk 0:34:17]} hxg6 {[%clk 0:01:05]} 29. Rxg6
{[%clk 0:32:00]} Nb4 {[%clk 0:01:03]} 30. Qf5 {[%clk 0:29:39]} Qd8
{[%clk 0:00:55]} 31. Bxf6 {[%clk 0:29:17]} Rc5 {[%clk 0:00:36]} 32. Bxg7+
{[%clk 0:29:18]} Kg8 {[%clk 0:00:43]} 33. Be5+ {[%clk 0:29:30]} 1-0